000 00722nam a2200241Ia 4500
003 OSt
005 20220925231906.0
006 a|||||r|||| 00| 0
007 ta
008 220923b |||||||| |||| 00| 0 eng d
020 _a063121173X
_c3155.85
037 _b913, 29/02/2000, Efficent
_cGeneral Book
040 _aRTL
_cRTL
_beng
041 _2eng
_aeng
082 _aR44, N9
100 _aBOWIE Norman E.
_9122114
245 0 _aBusiness ethics
_b A kindness perspective
260 _aMassachusetts
_bBlackwell
_c1999
300 _avii, 184p. Bib p. 177-79
_ccm.
650 _aEthics
942 _hR44, N9
_cGB
_2CC
999 _c589694
_d589694